Εκπαιδευτικό πακέτο για τη διαχείριση προστατευόμενων περιοχών υποστηρικτικό υλικό

Αποθηκεύτηκε σε:
Λεπτομέρειες βιβλιογραφικής εγγραφής
Συλλογικό Έργο: Μουσείο Γουλανδρή Φυσικής Ιστορίας, Ελληνικό Κέντρο Βιοτόπων-Υγροτόπων
Άλλοι συγγραφείς: Χατζηχαραλάμπους, Ε., Γεράκης, Π. Α.
Μορφή: Βίντεο DVD
Γλώσσα:Greek
Δημοσίευση: Αθήνα : Μουσείο Γουλανδρή Φυσικής Ιστορίας, Ελληνικό Κέντρο Βιοτόπων-Υγροτόπων, [2004]
Θέματα:
Ετικέτες: Προσθήκη ετικέτας
Δεν υπάρχουν, Καταχωρήστε ετικέτα πρώτοι!

MARC

LEADER 00000cgm a2200000 i 4500
001 1/41283
007 vd cgui
008 070215s2004 gr
020 |a 960-7511-22-0 
035 |l 10087044 
040 |a GR-MY-UA  |b gre  |e aacr 
041 0 |a gre 
082 0 |a 333.72  |2 (22) 
245 1 0 |a Εκπαιδευτικό πακέτο για τη διαχείριση προστατευόμενων περιοχών  |h [μαγνητοσκόπηση] :  |b υποστηρικτικό υλικό /  |c συντονιστές έκδοσης Ε. Χατζηχαραλάμπους, Π. Α. Γεράκης 
260 |a Αθήνα :   |b Μουσείο Γουλανδρή Φυσικής Ιστορίας,   |b Ελληνικό Κέντρο Βιοτόπων-Υγροτόπων,   |c [2004] 
300 |a 1 βιντεοδίσκος;  |b βουβή, έγχρ.;  |c 4 3/4 ιν. 
500 |a Υποστηρικτικό υλικό βιβλίων με τον ίδιο τίτλο 
538 |a DVD format 
650 0 0 |a Protected areas  |z Greece. 
650 0 0 |a Natural areas  |z Greece. 
700 1 |a Χατζηχαραλάμπους, Ε. 
700 1 |a Γεράκης, Π. Α. 
710 2 |a Μουσείο Γουλανδρή Φυσικής Ιστορίας. 
710 2 |a Ελληνικό Κέντρο Βιοτόπων-Υγροτόπων. 
852 |a INST  |b LESVOS  |c AV  |e 20070215  |h 333.72 ΧΑΤ  |p 005100036869  |q 005100036869  |t DVD  |y 23 
901 |a BIBL1-2007-1 
909 |a Λ  |b 132171 
970 |a ΚΑΡΑ  |b ΓΙΑΣΕΜΗ  |z 2007/02/15